Court of Appeal Civil Appeal No. 35 of 2002 Kikonda Butema Farms Ltd Vs The Inspector General of Government. (Record no. 3386)
[ view plain ]
| 000 -LEADER | |
|---|---|
| fixed length control field | 01220nam a22001697a 4500 |
| 008 - FIXED-LENGTH DATA ELEMENTS--GENERAL INFORMATION | |
| fixed length control field | 110620t xxu||||| |||| 00| 0 eng d |
| 010 ## - LIBRARY OF CONGRESS CONTROL NUMBER | |
| LC control number | CACAF-61 |
| 245 ## - TITLE STATEMENT | |
| Title | Court of Appeal Civil Appeal No. 35 of 2002 Kikonda Butema Farms Ltd Vs The Inspector General of Government. |
| 260 ## - PUBLICATION, DISTRIBUTION, ETC. (IMPRINT) | |
| Date of publication, distribution, etc | 2002 |
| 500 ## - GENERAL NOTE | |
| General note | Hon Lady Justice A.E.N. Mpagi-Bahigeine, JA Hon Lady Justice C.N.B. Kitumba, JA Hon. Lady Justice C.K.Byamugisha,JA. |
| 500 ## - GENERAL NOTE | |
| General note | Arising out of the ruling and order of the High Court of Uganda sitting at Kampala Katitsi J. dated the 13/March/2002 in High Court Miscellaneous Cause No. 130 of 2001 |
| Withdrawn status | Lost status | Source of classification or shelving scheme | Damaged status | Koha normalized classification for sorting | Not for loan | Location (home branch) | Sublocation or collection (holding branch) | Shelving location | Date acquired | Koha issues (times borrowed) | Koha full call number | Piece designation (barcode) | Koha date last seen | Koha item type | Price effective from |
|---|---|---|---|---|---|---|---|---|---|---|---|---|---|---|---|
| Dewey Decimal Classification | CACAF_61 | Law Development Centre Main Library | Law Development Centre Main Library | Law Reports | 06/20/2011 | CACAF-61 | 35/2002/2 | 06/20/2011 | Un Reported Cases | ||||||
| Dewey Decimal Classification | CACAF_61 | Law Development Centre Main Library | Law Development Centre Main Library | Law Reports | 06/20/2011 | CACAF-61 | 35/2002/3 | 06/20/2011 | Un Reported Cases | 06/20/2011 | |||||
| Dewey Decimal Classification | CACAF_61 | Law Development Centre Main Library | Law Development Centre Main Library | Law Reports | 06/20/2011 | CACAF-61 | 35/2002/4 | 06/20/2011 | Un Reported Cases | 06/20/2011 | |||||
| Dewey Decimal Classification | CACAF_61 | Law Development Centre Main Library | Law Development Centre Main Library | Law Reports | 06/20/2011 | CACAF-61 | 35/2002/5 | 06/20/2011 | Un Reported Cases | 06/20/2011 | |||||
| Dewey Decimal Classification | CACAF_61 | Law Development Centre Main Library | Law Development Centre Main Library | Law Reports | 06/20/2011 | CACAF-61 | 35/2002/6 | 06/20/2011 | Un Reported Cases | 06/20/2011 |
